A religião woke (Record no. 1971)

MARC details
000 -Etiqueta do registo
Valores 00760nam a2200265 4500
010 ## - Número ISBN
ISBN 9789897029981
021 ## - Número do Depósito Legal
Código do país Portugal
Número 519777/23
100 ## - Dados gerais de processamento
Dados gerais 20251118d2023 m||y0pory50030103ba
101 ## - Língua de publicação
Língua Português
102 ## - País de publicação
País Portugal
200 ## - Titulo e menção de responsabilidade
Título próprio A religião woke
Primeira menção de responsabilidade Jean-François Braunstein
Outras menções de responsabilidade trad. Ana Pinto Mendes
205 ## - Menção da edição
Edição 1ª edição
210 ## - Publicação
Local de publicação Lisboa
Nome do editor Guerra & Paz
Data de publicação 2023
215 ## - Descrição física 
Paginação / Volumes 181, [3] p.
Dimensões 23 cm
225 ## - Colecção 
Título próprio da colecção Os livros não se rendem
300 ## - Notas gerais 
Texto da nota BMB-Registado
304 ## - Nota relativa ao título
Texto de nota Tít. orig.: La religion woke
606 ## - Nome comum usado como assunto
ID Autoridade 1903
Palavra de ordem Teoria e filosofia do poder
675 ## - CDU
Notação 321.01
Edição BMB
Língua por
700 ## - Autor principal (pessoa individual)
Apelido Braunstein
Nome Jean-François
Datas 1953-
ID Autoridade 2831
702 ## - Autor secundário (pessoa individual)
Apelido Mendes
Nome Ana Pinto
Função Tradutor
ID Autoridade 1919
801 ## - Fonte de origem
País PT
Agência BMB
Regras de catalogação RPC
990 ## - Elementos KOHA
Tipo de documento Livro
Holdings
Situação do levantamento Estado Número Biblioteca de origem Código de barras Cota Permissão de empréstimo Tipo de documento Forma de aquisição
    1 Biblioteca Municipal de Borba 1920 321.01 BRA / REL   Livro Oferta
Biblioteca Municipal de Borba

Powered by Koha